[Event "45th FIDE Chess Olympiad Open"]
[Site "Budapest, Hungary"]
[Date "2024.09.20"]
[Round "9"]
[White "Junior, Domingos"]
[Black "Zhao, Zong-Yuan"]
[Result "1/2-1/2"]
[Board "119"]
[WhiteFideId "10105972"]
[BlackFideId "3202534"]
[WhiteTitle "FM"]
[BlackTitle "GM"]
[WhiteElo "2183"]
[BlackElo "2478"]
[WhiteTeam "Angola"]
[BlackTeam "Australia"]
[WhiteClock "0:06:04"]
[BlackClock "0:07:26"]
[Variant "Standard"]

1. e4 {[%clk 1:30:27]}  c5 {[%clk 1:30:55]} 2. Nf3 {[%clk 1:30:54]}  d6 {[%clk 1:31:14]} 3. d4 {[%clk 1:31:15]}  cxd4 {[%clk 1:31:41]} 4. Nxd4 {[%clk 1:31:37]}  Nf6 {[%clk 1:32:09]} 5. Nc3 {[%clk 1:31:55]}  a6 {[%clk 1:32:35]} 6. Be2 {[%clk 1:30:32]}  e5 {[%clk 1:33:01]} 7. Nb3 {[%clk 1:30:58]}  Be7 {[%clk 1:32:39]} 8. Be3 {[%clk 1:31:22]}  Be6 {[%clk 1:33:02]} 9. Nd5 {[%clk 1:31:33]}  Nxd5 {[%clk 1:32:45]} 10. exd5 {[%clk 1:32:00]}  Bf5 {[%clk 1:33:06]} 11. c4 {[%clk 1:30:14]}  O-O {[%clk 1:31:31]} 12. O-O {[%clk 1:30:27]}  Nd7 {[%clk 1:31:18]} 13. Kh1 {[%clk 1:28:50]}  Bg5 {[%clk 1:20:38]} 14. f4 {[%clk 1:23:46]}  exf4 {[%clk 1:19:55]} 15. Bxf4 {[%clk 1:24:14]}  Bxf4 {[%clk 1:19:17]} 16. Rxf4 {[%clk 1:24:41]}  Bg6 {[%clk 1:19:34]} 17. Bd3 {[%clk 1:23:57]}  Qg5 {[%clk 1:09:55]} 18. Rf1 {[%clk 1:05:03]}  Ne5 {[%clk 0:56:10]} 19. Bxg6 {[%clk 1:04:25]}  hxg6 {[%clk 0:56:37]} 20. Qd4 {[%clk 1:03:13]}  Rfe8 {[%clk 0:53:20]} 21. Na5 {[%clk 0:59:28]}  b5 {[%clk 0:50:36]} 22. Rae1 {[%clk 0:29:28]}  Rec8 {[%clk 0:34:15]} 23. b3 {[%clk 0:21:37]}  bxc4 {[%clk 0:26:08]} 24. Nxc4 {[%clk 0:21:47]}  Nxc4 {[%clk 0:26:32]} 25. bxc4 {[%clk 0:22:10]}  Rc7 {[%clk 0:26:42]} 26. Rf3 {[%clk 0:21:52]}  Rac8 {[%clk 0:24:39]} 27. Rc3 {[%clk 0:19:19]}  Rc5 {[%clk 0:21:23]} 28. Kg1 {[%clk 0:18:14]}  a5 {[%clk 0:20:20]} 29. Qe4 {[%clk 0:15:35]}  Qd8 {[%clk 0:17:08]} 30. Rce3 {[%clk 0:12:49]}  Rxc4 {[%clk 0:07:59]} 31. Qxc4 {[%clk 0:13:17]}  Rxc4 {[%clk 0:08:24]} 32. Re8+ {[%clk 0:13:39]}  Qxe8 {[%clk 0:08:52]} 33. Rxe8+ {[%clk 0:14:02]}  Kh7 {[%clk 0:09:21]} 34. Rd8 {[%clk 0:14:12]}  Rc1+ {[%clk 0:05:46]} 35. Kf2 {[%clk 0:14:40]}  Rc2+ {[%clk 0:06:11]} 36. Kf3 {[%clk 0:14:52]}  Rxa2 {[%clk 0:02:44]} 37. Rxd6 {[%clk 0:15:21]}  Rd2 {[%clk 0:01:39]} 38. Rd8 {[%clk 0:15:40]}  g5 {[%clk 0:01:33]} 39. d6 {[%clk 0:14:57]}  f5 {[%clk 0:00:55]} 40. h3 {[%clk 0:13:50]}  Kg6 {[%clk 0:00:42]} 41. Ra8 {[%clk 0:12:31]}  Rd3+ {[%clk 0:00:45]} 42. Ke2 {[%clk 0:12:15]}  Rxd6 {[%clk 0:01:10]} 43. Rxa5 {[%clk 0:12:40]}  Kf6 {[%clk 0:00:48]} 44. Ke3 {[%clk 0:12:12]}  Rb6 {[%clk 0:01:02]} 45. Kf3 {[%clk 0:12:00]}  Kg6 {[%clk 0:01:21]} 46. Rc5 {[%clk 0:11:59]}  Ra6 {[%clk 0:01:34]} 47. Rb5 {[%clk 0:12:16]}  Kf6 {[%clk 0:01:56]} 48. Kf2 {[%clk 0:12:24]}  g6 {[%clk 0:01:28]} 49. Kf3 {[%clk 0:11:46]}  Ra3+ {[%clk 0:01:29]} 50. Kf2 {[%clk 0:11:01]}  Ra4 {[%clk 0:01:36]} 51. Rb6+ {[%clk 0:10:08]}  Kg7 {[%clk 0:02:03]} 52. Kf3 {[%clk 0:09:53]}  Re4 {[%clk 0:01:38]} 53. Ra6 {[%clk 0:09:56]}  Kf7 {[%clk 0:02:00]} 54. Rb6 {[%clk 0:09:54]}  Re6 {[%clk 0:02:24]} 55. Rb5 {[%clk 0:10:08]}  Kf6 {[%clk 0:02:48]} 56. Ra5 {[%clk 0:10:26]}  Rb6 {[%clk 0:03:00]} 57. Kf2 {[%clk 0:10:27]}  Ke6 {[%clk 0:03:18]} 58. Kf3 {[%clk 0:10:20]}  Kf6 {[%clk 0:01:30]} 59. Kf2 {[%clk 0:09:42]}  Rc6 {[%clk 0:02:43]} 60. Kf3 {[%clk 0:09:34]}  Rc4 {[%clk 0:02:44]} 61. Rb5 {[%clk 0:09:33]}  Kg7 {[%clk 0:02:48]} 62. Rb7+ {[%clk 0:09:42]}  Kh6 {[%clk 0:03:12]} 63. Rb8 {[%clk 0:09:37]}  g4+ {[%clk 0:02:43]} 64. hxg4 {[%clk 0:09:42]}  Rxg4 {[%clk 0:03:10]} 65. Rb3 {[%clk 0:08:00]}  Kh5 {[%clk 0:03:08]} 66. Rb8 {[%clk 0:06:27]}  Ra4 {[%clk 0:03:14]} 67. Rh8+ {[%clk 0:06:25]}  Kg5 {[%clk 0:03:42]} 68. g3 {[%clk 0:06:18]}  Ra6 {[%clk 0:03:26]} 69. Rh4 {[%clk 0:06:28]}  Re6 {[%clk 0:03:42]} 70. Rh8 {[%clk 0:06:41]}  Re1 {[%clk 0:03:52]} 71. Rh4 {[%clk 0:06:28]}  Rf1+ {[%clk 0:04:13]} 72. Kg2 {[%clk 0:06:46]}  Ra1 {[%clk 0:04:40]} 73. Kf3 {[%clk 0:07:00]}  Ra8 {[%clk 0:04:47]} 74. Kf2 {[%clk 0:06:48]}  Rd8 {[%clk 0:05:03]} 75. Kf3 {[%clk 0:06:58]}  Rd6 {[%clk 0:05:24]} 76. Ra4 {[%clk 0:06:11]}  Rc6 {[%clk 0:05:31]} 77. Rh4 {[%clk 0:06:26]}  Rc3+ {[%clk 0:05:25]} 78. Kf2 {[%clk 0:06:52]}  Rd3 {[%clk 0:05:43]} 79. Rf4 {[%clk 0:06:55]}  Kf6 {[%clk 0:06:00]} 80. Ra4 {[%clk 0:07:14]}  Ke5 {[%clk 0:06:04]} 81. Ra6 {[%clk 0:07:04]}  g5 {[%clk 0:06:24]} 82. Ra2 {[%clk 0:02:20]}  Rc3 {[%clk 0:01:50]} 83. Ra5+ {[%clk 0:01:43]}  Ke4 {[%clk 0:02:01]} 84. Ra4+ {[%clk 0:25:40]}  Kd3 {[%clk 0:32:17]} 85. Ra5 {[%clk 0:18:17]}  Rc2+ {[%clk 0:32:08]} 86. Kf3 {[%clk 0:18:31]}  g4 {[%clk 0:31:03]} 87. Kf4 {[%clk 0:19:00]}  Rf2+ {[%clk 0:31:24]} 88. Kg5 {[%clk 0:19:25]}  Ke4 {[%clk 0:30:14]} 89. Ra4+ {[%clk 0:17:46]}  Ke3 {[%clk 0:29:12]} 90. Ra5 {[%clk 0:16:21]}  Rf3 {[%clk 0:27:36]} 91. Kh4 {[%clk 0:16:30]}  Kf2 {[%clk 0:25:20]} 92. Ra2+ {[%clk 0:14:36]}  Kg1 {[%clk 0:24:00]} 93. Ra1+ {[%clk 0:14:40]}  Rf1 {[%clk 0:23:47]} 94. Ra5 {[%clk 0:14:35]}  Kg2 {[%clk 0:21:28]} 95. Ra2+ {[%clk 0:14:37]}  Rf2 {[%clk 0:21:55]} 96. Ra3 {[%clk 0:12:25]}  Kh2 {[%clk 0:21:40]} 97. Rb3 {[%clk 0:11:31]}  Re2 {[%clk 0:18:44]} 98. Ra3 {[%clk 0:09:57]}  Rd2 {[%clk 0:15:18]} 99. Rb3 {[%clk 0:09:23]}  Kg2 {[%clk 0:15:34]} 100. Ra3 {[%clk 0:09:32]}  Re2 {[%clk 0:13:23]} 101. Ra5 {[%clk 0:07:56]}  Rf2 {[%clk 0:09:38]} 102. Ra3 {[%clk 0:07:15]}  Rf1 {[%clk 0:06:35]} 103. Ra2+ {[%clk 0:06:41]}  Kg1 {[%clk 0:06:44]} 104. Ra5 {[%clk 0:06:12]}  Kh1 {[%clk 0:06:09]} 105. Ra2 {[%clk 0:05:53]}  Kg1 {[%clk 0:05:53]} 106. Ra5 {[%clk 0:05:39]}  Rf2 {[%clk 0:07:00]} 107. Ra1+ {[%clk 0:05:54]}  Kh2 {[%clk 0:07:26]} 108. Ra3 {[%clk 0:06:04]} 1/2-1/2

[Event "45th FIDE Chess Olympiad Open"]
[Site "Budapest, Hungary"]
[Date "2024.09.20"]
[Round "9"]
[White "Smerdon, David C"]
[Black "Domingos, Catarino"]
[Result "1-0"]
[Board "120"]
[WhiteFideId "3202305"]
[BlackFideId "10100253"]
[WhiteTitle "GM"]
[BlackTitle "IM"]
[WhiteElo "2475"]
[BlackElo "2229"]
[WhiteTeam "Australia"]
[BlackTeam "Angola"]
[WhiteClock "0:12:57"]
[BlackClock "0:00:48"]
[Variant "Standard"]

1. e4 {[%clk 1:30:58]}  e5 {[%clk 1:29:12]} 2. Nf3 {[%clk 1:31:23]}  d6 {[%clk 1:28:58]} 3. d4 {[%clk 1:29:57]}  Nd7 {[%clk 1:28:42]} 4. Bc4 {[%clk 1:26:30]}  Be7 {[%clk 1:27:21]} 5. dxe5 {[%clk 1:21:21]}  Nxe5 {[%clk 1:27:26]} 6. Nxe5 {[%clk 1:21:32]}  dxe5 {[%clk 1:27:53]} 7. Qh5 {[%clk 1:20:13]}  Qd7 {[%clk 0:37:53]} 8. Qxf7+ {[%clk 1:09:06]}  Kd8 {[%clk 0:38:19]} 9. O-O {[%clk 1:08:53]}  Bf6 {[%clk 0:38:06]} 10. Qh5 {[%clk 0:56:56]}  Qe8 {[%clk 0:24:51]} 11. Rd1+ {[%clk 0:55:10]}  Ke7 {[%clk 0:20:33]} 12. Qf3 {[%clk 0:55:18]}  Qg6 {[%clk 0:18:29]} 13. Qa3+ {[%clk 0:50:05]}  Ke8 {[%clk 0:18:29]} 14. Nc3 {[%clk 0:50:12]}  c6 {[%clk 0:14:00]} 15. Rd3 {[%clk 0:27:52]}  Be7 {[%clk 0:10:16]} 16. Qa5 {[%clk 0:26:52]}  Qh5 {[%clk 0:08:33]} 17. Bf4 {[%clk 0:23:04]}  b5 {[%clk 0:06:36]} 18. Nxb5 {[%clk 0:22:18]}  cxb5 {[%clk 0:06:08]} 19. Qxb5+ {[%clk 0:22:18]}  Kf8 {[%clk 0:05:00]} 20. Bxe5 {[%clk 0:18:41]}  Nf6 {[%clk 0:04:35]} 21. Bxf6 {[%clk 0:16:33]}  Qxb5 {[%clk 0:03:53]} 22. Bxe7+ {[%clk 0:16:57]}  Kxe7 {[%clk 0:04:22]} 23. Bxb5 {[%clk 0:17:19]}  Rb8 {[%clk 0:04:38]} 24. Rd5 {[%clk 0:14:32]}  a6 {[%clk 0:04:02]} 25. Bc4 {[%clk 0:14:48]}  Rxb2 {[%clk 0:03:39]} 26. Bb3 {[%clk 0:15:15]}  Rf8 {[%clk 0:03:28]} 27. Rad1 {[%clk 0:15:17]}  Rf4 {[%clk 0:02:52]} 28. Rc5 {[%clk 0:14:52]}  Rf8 {[%clk 0:02:17]} 29. f4 {[%clk 0:12:35]}  g6 {[%clk 0:00:48]} 30. Rc7+ {[%clk 0:12:57]} 1-0

[Event "45th FIDE Chess Olympiad Open"]
[Site "Budapest, Hungary"]
[Date "2024.09.20"]
[Round "9"]
[White "Duran Vega, Sergio"]
[Black "Bogner, Sebastian"]
[Result "1/2-1/2"]
[Board "121"]
[WhiteFideId "6501311"]
[BlackFideId "4692055"]
[WhiteTitle "IM"]
[BlackTitle "GM"]
[WhiteElo "2308"]
[BlackElo "2545"]
[WhiteTeam "Costa Rica"]
[BlackTeam "Switzerland"]
[WhiteClock "0:28:21"]
[BlackClock "0:21:20"]
[Variant "Standard"]

1. d4 {[%clk 1:30:57]}  Nf6 {[%clk 1:30:56]} 2. c4 {[%clk 1:31:21]}  e6 {[%clk 1:31:23]} 3. g3 {[%clk 1:31:46]}  Bb4+ {[%clk 1:31:46]} 4. Nd2 {[%clk 1:32:03]}  c5 {[%clk 1:31:55]} 5. a3 {[%clk 1:32:09]}  Bxd2+ {[%clk 1:32:23]} 6. Qxd2 {[%clk 1:32:34]}  cxd4 {[%clk 1:32:40]} 7. Nf3 {[%clk 1:30:58]}  d5 {[%clk 1:33:06]} 8. Qxd4 {[%clk 1:21:32]}  Nc6 {[%clk 1:33:15]} 9. Qh4 {[%clk 1:17:50]}  e5 {[%clk 1:09:59]} 10. cxd5 {[%clk 1:07:29]}  Qxd5 {[%clk 1:10:26]} 11. Bg5 {[%clk 1:06:40]}  Ng4 {[%clk 1:02:34]} 12. h3 {[%clk 0:51:27]}  e4 {[%clk 0:58:22]} 13. Rd1 {[%clk 0:50:24]}  Qc5 {[%clk 0:57:26]} 14. hxg4 {[%clk 0:47:20]}  exf3 {[%clk 0:57:49]} 15. Be3 {[%clk 0:35:35]}  Qe5 {[%clk 0:55:53]} 16. exf3 {[%clk 0:24:27]}  Qxb2 {[%clk 0:55:33]} 17. Bd3 {[%clk 0:22:57]}  Be6 {[%clk 0:53:44]} 18. O-O {[%clk 0:22:30]}  Qxa3 {[%clk 0:49:23]} 19. Qg5 {[%clk 0:14:03]}  Qc3 {[%clk 0:47:34]} 20. Be4 {[%clk 0:09:05]}  O-O {[%clk 0:39:59]} 21. Kg2 {[%clk 0:02:06]}  h6 {[%clk 0:35:30]} 22. Qh5 {[%clk 0:02:08]}  Qe5 {[%clk 0:30:16]} 23. g5 {[%clk 0:02:38]}  Bf5 {[%clk 0:12:55]} 24. Rd5 {[%clk 0:00:44]}  Bg6 {[%clk 0:13:24]} 25. Qh4 {[%clk 0:00:37]}  Qe6 {[%clk 0:11:40]} 26. gxh6 {[%clk 0:00:52]}  Bxe4 {[%clk 0:05:37]} 27. hxg7 {[%clk 0:01:14]}  Bxf3+ {[%clk 0:05:37]} 28. Kg1 {[%clk 0:01:43]}  f6 {[%clk 0:04:51]} 29. Qh8+ {[%clk 0:00:34]}  Kf7 {[%clk 0:05:20]} 30. gxf8=Q+ {[%clk 0:00:48]}  Rxf8 {[%clk 0:05:49]} 31. Qh7+ {[%clk 0:01:07]}  Ke8 {[%clk 0:06:18]} 32. Rb5 {[%clk 0:00:33]}  Ne5 {[%clk 0:03:46]} 33. Rxb7 {[%clk 0:00:39]}  Bxb7 {[%clk 0:03:34]} 34. Qxb7 {[%clk 0:01:08]}  Qc6 {[%clk 0:02:12]} 35. Rb1 {[%clk 0:00:46]}  Rf7 {[%clk 0:00:38]} 36. Qxc6+ {[%clk 0:00:35]}  Nxc6 {[%clk 0:01:07]} 37. Kg2 {[%clk 0:00:35]}  Kd7 {[%clk 0:00:41]} 38. Kf3 {[%clk 0:00:41]}  Ke6 {[%clk 0:00:53]} 39. Ra1 {[%clk 0:00:34]}  a5 {[%clk 0:00:37]} 40. Bb6 {[%clk 0:00:40]}  Rb7 {[%clk 0:00:39]} 41. Bxa5 {[%clk 0:00:47]}  Nxa5 {[%clk 0:18:50]} 42. Rxa5 {[%clk 0:31:11]}  Rb4 {[%clk 0:19:00]} 43. Ra6+ {[%clk 0:31:28]}  Kf5 {[%clk 0:18:59]} 44. g4+ {[%clk 0:31:47]}  Kg5 {[%clk 0:19:18]} 45. Ra5+ {[%clk 0:32:09]}  Kg6 {[%clk 0:19:47]} 46. Kg3 {[%clk 0:32:29]}  Rb3+ {[%clk 0:20:12]} 47. f3 {[%clk 0:32:51]}  Rb1 {[%clk 0:20:40]} 48. Ra3 {[%clk 0:32:13]}  Rb6 {[%clk 0:20:51]} 49. f4 {[%clk 0:31:08]}  Rb1 {[%clk 0:21:11]} 50. Kh4 {[%clk 0:31:19]}  Rh1+ {[%clk 0:21:32]} 51. Rh3 {[%clk 0:31:44]}  Rf1 {[%clk 0:21:51]} 52. f5+ {[%clk 0:31:55]}  Kg7 {[%clk 0:21:57]} 53. Rc3 {[%clk 0:28:48]}  Rh1+ {[%clk 0:22:23]} 54. Kg3 {[%clk 0:29:13]}  Rg1+ {[%clk 0:22:33]} 55. Kf4 {[%clk 0:29:35]}  Kf7 {[%clk 0:22:03]} 56. Rc7+ {[%clk 0:29:45]}  Kf8 {[%clk 0:22:31]} 57. Ke4 {[%clk 0:29:37]}  Rxg4+ {[%clk 0:22:50]} 58. Kd5 {[%clk 0:30:05]}  Ra4 {[%clk 0:23:03]} 59. Rd7 {[%clk 0:29:20]}  Ke8 {[%clk 0:22:34]} 60. Rc7 {[%clk 0:28:45]}  Kf8 {[%clk 0:20:31]} 61. Rd7 {[%clk 0:27:33]}  Ke8 {[%clk 0:20:55]} 62. Rc7 {[%clk 0:27:57]}  Kf8 {[%clk 0:21:20]} 63. Rd7 {[%clk 0:28:21]} 1/2-1/2

[Event "45th FIDE Chess Olympiad Open"]
[Site "Budapest, Hungary"]
[Date "2024.09.20"]
[Round "9"]
[White "Pelletier, Yannick"]
[Black "Valdes Romero, Leonardo"]
[Result "1-0"]
[Board "122"]
[WhiteFideId "1301837"]
[BlackFideId "6500331"]
[WhiteTitle "GM"]
[BlackTitle "IM"]
[WhiteElo "2526"]
[BlackElo "2347"]
[WhiteTeam "Switzerland"]
[BlackTeam "Costa Rica"]
[WhiteClock "0:02:14"]
[BlackClock "0:01:01"]
[Variant "Standard"]

1. c4 {[%clk 1:30:44]}  Nf6 {[%clk 1:30:34]} 2. Nc3 {[%clk 1:30:51]}  g6 {[%clk 1:30:37]} 3. e4 {[%clk 1:30:40]}  d6 {[%clk 1:30:58]} 4. d4 {[%clk 1:31:04]}  Bg7 {[%clk 1:31:23]} 5. Be2 {[%clk 1:31:13]}  O-O {[%clk 1:30:58]} 6. Nf3 {[%clk 1:31:26]}  e5 {[%clk 1:31:02]} 7. O-O {[%clk 1:29:27]}  Nc6 {[%clk 1:30:49]} 8. d5 {[%clk 1:29:48]}  Ne7 {[%clk 1:31:09]} 9. b4 {[%clk 1:29:31]}  c6 {[%clk 1:30:52]} 10. dxc6 {[%clk 1:16:12]}  Nxc6 {[%clk 1:27:42]} 11. a3 {[%clk 1:11:42]}  a5 {[%clk 1:24:19]} 12. Rb1 {[%clk 1:00:42]}  axb4 {[%clk 1:20:30]} 13. axb4 {[%clk 1:01:09]}  Nd4 {[%clk 0:56:40]} 14. Be3 {[%clk 0:53:44]}  Re8 {[%clk 0:38:36]} 15. Nxd4 {[%clk 0:39:53]}  exd4 {[%clk 0:37:31]} 16. Bxd4 {[%clk 0:40:19]}  Nxe4 {[%clk 0:36:18]} 17. Bxg7 {[%clk 0:35:32]}  Kxg7 {[%clk 0:34:46]} 18. Nd5 {[%clk 0:35:55]}  Nf6 {[%clk 0:30:55]} 19. Ne3 {[%clk 0:34:01]}  Qe7 {[%clk 0:19:14]} 20. Bf3 {[%clk 0:33:43]}  Kg8 {[%clk 0:11:47]} 21. h3 {[%clk 0:25:01]}  Be6 {[%clk 0:05:27]} 22. Qd4 {[%clk 0:25:10]}  Rab8 {[%clk 0:04:34]} 23. Rfd1 {[%clk 0:17:51]}  Red8 {[%clk 0:04:25]} 24. Qb6 {[%clk 0:17:56]}  Ne8 {[%clk 0:03:54]} 25. Rd4 {[%clk 0:09:47]}  Rdc8 {[%clk 0:03:28]} 26. Rbd1 {[%clk 0:07:50]}  Qc7 {[%clk 0:03:14]} 27. Qb5 {[%clk 0:07:51]}  Qe7 {[%clk 0:02:39]} 28. h4 {[%clk 0:07:07]}  h5 {[%clk 0:02:54]} 29. g3 {[%clk 0:05:48]}  Kg7 {[%clk 0:02:51]} 30. Rf4 {[%clk 0:05:41]}  Rc7 {[%clk 0:02:53]} 31. Qb6 {[%clk 0:05:37]}  Rd7 {[%clk 0:01:51]} 32. Bc6 {[%clk 0:04:30]}  Rdd8 {[%clk 0:00:44]} 33. Bxe8 {[%clk 0:04:37]}  Qxe8 {[%clk 0:01:02]} 34. Rxd6 {[%clk 0:04:46]}  Rxd6 {[%clk 0:01:02]} 35. Qxd6 {[%clk 0:05:11]}  Kg8 {[%clk 0:01:12]} 36. Rd4 {[%clk 0:04:56]}  Rc8 {[%clk 0:01:26]} 37. c5 {[%clk 0:04:35]}  Qa4 {[%clk 0:01:40]} 38. Qb6 {[%clk 0:04:25]}  Kg7 {[%clk 0:00:48]} 39. Rd6 {[%clk 0:02:57]}  Qa1+ {[%clk 0:00:55]} 40. Rd1 {[%clk 0:01:10]}  Qb2 {[%clk 0:01:12]} 41. Qa5 {[%clk 0:26:54]}  Kh7 {[%clk 0:29:49]} 42. Ra1 {[%clk 0:21:59]}  Qd4 {[%clk 0:23:06]} 43. Qa3 {[%clk 0:18:57]}  Qe4 {[%clk 0:18:52]} 44. Rd1 {[%clk 0:18:50]}  Qf3 {[%clk 0:15:42]} 45. Qa1 {[%clk 0:15:22]}  Re8 {[%clk 0:13:14]} 46. Qe5 {[%clk 0:10:38]}  Ra8 {[%clk 0:11:59]} 47. Qf4 {[%clk 0:08:30]}  Qe2 {[%clk 0:10:48]} 48. Qf6 {[%clk 0:08:12]}  Re8 {[%clk 0:07:20]} 49. Rd6 {[%clk 0:04:39]}  Ra8 {[%clk 0:06:29]} 50. Kg2 {[%clk 0:03:50]}  Qe1 {[%clk 0:04:12]} 51. Rxe6 {[%clk 0:01:28]}  fxe6 {[%clk 0:04:37]} 52. Qf7+ {[%clk 0:01:47]}  Kh8 {[%clk 0:04:48]} 53. Qf6+ {[%clk 0:02:04]}  Kh7 {[%clk 0:05:13]} 54. Qf7+ {[%clk 0:02:02]}  Kh8 {[%clk 0:05:36]} 55. Qxg6 {[%clk 0:02:11]}  Ra1 {[%clk 0:05:03]} 56. Qxh5+ {[%clk 0:02:26]}  Kg7 {[%clk 0:04:42]} 57. Qg5+ {[%clk 0:01:51]}  Kf7 {[%clk 0:04:21]} 58. Qf4+ {[%clk 0:02:07]}  Kg7 {[%clk 0:02:32]} 59. Qe5+ {[%clk 0:00:55]}  Kf7 {[%clk 0:02:55]} 60. Qf4+ {[%clk 0:01:03]}  Kg7 {[%clk 0:03:21]} 61. Qc7+ {[%clk 0:00:55]}  Kg8 {[%clk 0:01:46]} 62. Qb8+ {[%clk 0:01:10]}  Kg7 {[%clk 0:02:11]} 63. Qxb7+ {[%clk 0:01:19]}  Kg8 {[%clk 0:02:38]} 64. Qb8+ {[%clk 0:01:36]}  Kh7 {[%clk 0:02:04]} 65. Qc7+ {[%clk 0:01:57]}  Kg8 {[%clk 0:02:25]} 66. Qd8+ {[%clk 0:01:59]}  Kf7 {[%clk 0:02:22]} 67. Qd7+ {[%clk 0:02:20]}  Kf8 {[%clk 0:02:37]} 68. Qd6+ {[%clk 0:02:30]}  Kf7 {[%clk 0:01:39]} 69. Qd7+ {[%clk 0:01:04]}  Kf8 {[%clk 0:02:05]} 70. Kf3 {[%clk 0:01:08]}  Ra2 {[%clk 0:01:32]} 71. Qd6+ {[%clk 0:01:14]}  Kf7 {[%clk 0:01:54]} 72. Qd7+ {[%clk 0:01:38]}  Kf8 {[%clk 0:02:20]} 73. Qd6+ {[%clk 0:01:36]}  Kf7 {[%clk 0:02:46]} 74. Ng4 {[%clk 0:00:38]}  Rd2 {[%clk 0:01:05]} 75. Ne5+ {[%clk 0:00:37]}  Kf6 {[%clk 0:01:16]} 76. Ng4+ {[%clk 0:00:45]}  Kf7 {[%clk 0:01:39]} 77. Qf4+ {[%clk 0:00:54]}  Ke8 {[%clk 0:01:51]} 78. Qe4 {[%clk 0:00:44]}  Qh1+ {[%clk 0:01:04]} 79. Kf4 {[%clk 0:01:05]}  Qxe4+ {[%clk 0:00:55]} 80. Kxe4 {[%clk 0:01:33]}  Rb2 {[%clk 0:01:20]} 81. Ne5 {[%clk 0:00:35]}  Rxb4+ {[%clk 0:01:34]} 82. Ke3 {[%clk 0:00:49]}  Rb1 {[%clk 0:01:21]} 83. f4 {[%clk 0:00:33]}  Rc1 {[%clk 0:01:33]} 84. c6 {[%clk 0:00:51]}  Rc3+ {[%clk 0:01:29]} 85. Kd4 {[%clk 0:00:51]}  Rc1 {[%clk 0:01:38]} 86. h5 {[%clk 0:01:00]}  Ke7 {[%clk 0:01:38]} 87. g4 {[%clk 0:01:02]}  Kd6 {[%clk 0:01:33]} 88. h6 {[%clk 0:01:18]}  Rh1 {[%clk 0:01:06]} 89. g5 {[%clk 0:01:40]}  Kc7 {[%clk 0:01:09]} 90. g6 {[%clk 0:01:50]}  Rxh6 {[%clk 0:01:01]} 91. g7 {[%clk 0:02:14]} 1-0

[Event "45th FIDE Chess Olympiad Open"]
[Site "Budapest, Hungary"]
[Date "2024.09.20"]
[Round "9"]
[White "Jimenez Garcia, Emmanuel"]
[Black "Georgiadis, Nico"]
[Result "1-0"]
[Board "123"]
[WhiteFideId "6504779"]
[BlackFideId "1300113"]
[WhiteTitle "IM"]
[BlackTitle "GM"]
[WhiteElo "2352"]
[BlackElo "2510"]
[WhiteTeam "Costa Rica"]
[BlackTeam "Switzerland"]
[WhiteClock "0:27:40"]
[BlackClock "0:16:37"]
[Variant "Standard"]

1. Nf3 {[%clk 1:30:54]}  d5 {[%clk 1:30:53]} 2. d4 {[%clk 1:29:59]}  Nf6 {[%clk 1:31:15]} 3. e3 {[%clk 1:30:17]}  c5 {[%clk 1:31:32]} 4. Be2 {[%clk 1:30:41]}  Nc6 {[%clk 1:31:26]} 5. O-O {[%clk 1:31:02]}  Bg4 {[%clk 1:22:52]} 6. h3 {[%clk 1:27:46]}  Bh5 {[%clk 1:22:02]} 7. Nbd2 {[%clk 1:24:54]}  e6 {[%clk 1:22:12]} 8. c3 {[%clk 1:24:53]}  Rc8 {[%clk 1:18:40]} 9. a3 {[%clk 1:23:30]}  a6 {[%clk 1:10:52]} 10. b4 {[%clk 1:19:16]}  cxd4 {[%clk 1:10:50]} 11. cxd4 {[%clk 1:19:40]}  Bd6 {[%clk 1:10:36]} 12. Bb2 {[%clk 1:19:56]}  O-O {[%clk 1:09:30]} 13. Nb3 {[%clk 1:17:32]}  a5 {[%clk 0:51:14]} 14. b5 {[%clk 1:15:37]}  Bxf3 {[%clk 0:51:13]} 15. Bxf3 {[%clk 1:13:37]}  Ne7 {[%clk 0:49:48]} 16. a4 {[%clk 0:58:11]}  b6 {[%clk 0:49:48]} 17. Nc1 {[%clk 0:56:16]}  Ne4 {[%clk 0:44:47]} 18. Nd3 {[%clk 0:55:31]}  f6 {[%clk 0:41:13]} 19. Qe2 {[%clk 0:53:06]}  Bb4 {[%clk 0:30:26]} 20. Rfc1 {[%clk 0:49:26]}  Qd6 {[%clk 0:30:38]} 21. Nxb4 {[%clk 0:43:00]}  axb4 {[%clk 0:19:26]} 22. Qd3 {[%clk 0:38:42]}  f5 {[%clk 0:19:32]} 23. Bd1 {[%clk 0:33:20]}  f4 {[%clk 0:12:04]} 24. Rxc8 {[%clk 0:32:57]}  Rxc8 {[%clk 0:11:49]} 25. f3 {[%clk 0:33:09]}  Nc3 {[%clk 0:11:48]} 26. e4 {[%clk 0:28:55]}  Rc4 {[%clk 0:08:58]} 27. Kh2 {[%clk 0:23:22]}  Nxd1 {[%clk 0:08:40]} 28. Rxd1 {[%clk 0:23:50]}  Qc7 {[%clk 0:07:10]} 29. Rd2 {[%clk 0:21:37]}  dxe4 {[%clk 0:05:27]} 30. fxe4 {[%clk 0:18:58]}  Ng6 {[%clk 0:03:27]} 31. a5 {[%clk 0:18:17]}  f3+ {[%clk 0:02:42]} 32. g3 {[%clk 0:18:05]}  bxa5 {[%clk 0:01:15]} 33. b6 {[%clk 0:18:28]}  Qc6 {[%clk 0:01:13]} 34. b7 {[%clk 0:18:52]}  Qxb7 {[%clk 0:01:37]} 35. Qxc4 {[%clk 0:19:16]}  Qxe4 {[%clk 0:02:03]} 36. Qc8+ {[%clk 0:14:17]}  Nf8 {[%clk 0:02:17]} 37. Qc2 {[%clk 0:13:24]}  Qe1 {[%clk 0:01:25]} 38. Rf2 {[%clk 0:12:38]}  a4 {[%clk 0:01:47]} 39. Rxf3 {[%clk 0:12:34]}  a3 {[%clk 0:02:14]} 40. Qf2 {[%clk 0:10:19]}  Qxf2+ {[%clk 0:02:25]} 41. Rxf2 {[%clk 0:10:42]}  Nd7 {[%clk 0:02:33]} 42. Bxa3 {[%clk 0:08:46]}  bxa3 {[%clk 0:01:20]} 43. Ra2 {[%clk 0:09:11]}  e5 {[%clk 0:01:46]} 44. d5 {[%clk 0:09:19]}  Nb6 {[%clk 0:01:50]} 45. d6 {[%clk 0:09:36]}  Kf7 {[%clk 0:02:15]} 46. Rxa3 {[%clk 0:09:23]}  Ke6 {[%clk 0:02:39]} 47. Ra7 {[%clk 0:04:02]}  Nd7 {[%clk 0:03:01]} 48. Ra6 {[%clk 0:04:17]}  g6 {[%clk 0:25:27]} 49. g4 {[%clk 0:33:53]}  Nc5 {[%clk 0:24:03]} 50. Rc6 {[%clk 0:32:33]}  Ne4 {[%clk 0:24:02]} 51. Rc7 {[%clk 0:31:06]}  h5 {[%clk 0:18:39]} 52. Rg7 {[%clk 0:29:32]}  hxg4 {[%clk 0:18:27]} 53. Rxg6+ {[%clk 0:29:41]}  Kd7 {[%clk 0:18:48]} 54. h4 {[%clk 0:29:51]}  g3+ {[%clk 0:18:28]} 55. Kg2 {[%clk 0:30:16]}  Nxd6 {[%clk 0:18:50]} 56. Kxg3 {[%clk 0:28:06]}  Ke7 {[%clk 0:18:58]} 57. h5 {[%clk 0:28:04]}  Ne4+ {[%clk 0:16:37]} 58. Kg4 {[%clk 0:27:40]} 1-0